00886nam a2200217 i 450000100060000000300090000600500170001500700030003200800410003510000480007624501400012426000310026430000200029549000290031565100560034470000480040083000370044885200380048599900170052395201280054068243ES-MaACL20230906170231.0t|040611s1964 sp ||||1| spa d1 aGonzález García, Vicente José.95410310aSancta Ovetensis b: (Principado de Asturias) / cVicente José G. García ; prólogo del... Sr. Dn. José Mª Fernández Buelta. aOviedo : b[s.n.], c1964. a2 v. ; c24 cm.1 aSancta Ovetensis ; v1-2 4aAsturias (Comunidad Autónoma)-xHistoria.91534551 aFernández Buelta, José María.91665840 aSancta Ovetensis ; v1-29193248 aES-MaACLjP-528-bis-1-2 bR.55425 c68243d68243 00104070aATENEOMbATENEOMcDEPO2d2008-01-17eSCl0oP-528-bis-1-2p1071440r2023-02-23 00:00:00w2023-02-23yMONOGRAFIA